Štúdium elektrických vlastností v procese technologického spracovania vybraných kaučukových zmesí

Saved in:
Bibliographic Details
Main Author: Hronkovič, Ján, 1978- (Author)
Other Authors: Kalužný, Ján, 1947- (Thesis advisor)
Format: Manuscript Book
Language:Slovak
Published: Trnava : STU v Bratislave MTF, 2011
Subjects:
Online Access:VAIS
Tags: Add Tag
No Tags, Be the first to tag this record!

MARC

LEADER 00000ntm a22000003a 4500
001 stu232136
005 20150617230145.0
008 110723s2011----xo------------------slo-d
040 |a STU  |b slo 
041 0 |a slo 
044 |a xo 
100 1 |a Hronkovič, Ján,  |d 1978-  |4 aut  |u M1000  |U MTF Materiálovotechnologická fakulta  |T MTF Ústav materiálov  |X 41831  |U M1000  |Y 81  |7 A000041831 
242 0 0 |a The study of electrical properties the rubber compounds in the process of technological treatment  |y eng 
245 1 |a Štúdium elektrických vlastností v procese technologického spracovania vybraných kaučukových zmesí 
260 |a Trnava :  |b STU v Bratislave MTF,  |c 2011 
650 7 |a materiálové inžinierstvo  |2 stusub 
650 7 |a Materials Engineering  |2 estusub 
650 7 |a silanization  |2 estusub 
650 7 |a electrical conductivity  |2 estusub 
650 7 |a kaučuková zmes  |2 stusub 
650 7 |a elektrická vodivosť  |2 stusub 
650 7 |a silanizácia  |2 stusub 
700 1 |a Kalužný, Ján,  |d 1947-  |4 ths  |u M240  |U MTF Ústav materiálov  |T MTF Katedra nekovových materiálov  |X 310  |U M240  |Y M240  |7 A000000310 
856 4 |a info a plný text  |u http://is.stuba.sk/zp/portal_zp.pl?podrobnosti=75664  |3 VAIS